|
|
|
|
| LEADER |
00000nam2a2200000 4500 |
| 001 |
230803 |
| 005 |
20231031202610.0 |
| 010 |
|
|
|a 5280001147
|
| 035 |
|
|
|a (RuTPU)RU\TPU\book\251768
|
| 090 |
|
|
|a 230803
|
| 100 |
|
|
|a 20130125d1988 m y0rusy50 ca
|
| 101 |
0 |
|
|a rus
|
| 102 |
|
|
|a RU
|
| 105 |
|
|
|a c z 001ay
|
| 200 |
0 |
|
|a Т. 3 : Поэмы. Проза
|
| 210 |
|
|
|d 1988
|
| 215 |
|
|
|a 510 с.
|c портр.
|
| 320 |
|
|
|a Алф. указ.: с. 495-508
|
| 461 |
|
1 |
|0 (RuTPU)RU\TPU\book\251748
|y 5-280-00112-0
|t Собрание сочинений
|o в 3-х т.
|f Э. А. Асадов
|v Т. 3 : Поэмы. Проза
|d 1987-1988
|
| 606 |
1 |
|
|a Русская литература советская
|2 stltpush
|3 (RuTPU)RU\TPU\subj\26373
|
| 610 |
1 |
|
|a поэмы
|
| 610 |
1 |
|
|a проза
|
| 610 |
1 |
|
|a рассказы
|
| 675 |
|
|
|a Р2
|v 3
|
| 801 |
|
1 |
|a RU
|b 63413507
|c 20130125
|
| 801 |
|
2 |
|a RU
|b 63413507
|c 20130321
|g RCR
|
| 942 |
|
|
|c BK
|